News as entertainment: the rise of global infotainment (Record no. 156183)
[ view plain ]
| 000 -LEADER | |
|---|---|
| fixed length control field | 00631nam a2200229Ia 4500 |
| 003 - CONTROL NUMBER IDENTIFIER | |
| control field | OSt |
| 005 - DATE AND TIME OF LATEST TRANSACTION | |
| control field | 20250703113237.0 |
| 008 - FIXED-LENGTH DATA ELEMENTS--GENERAL INFORMATION | |
| fixed length control field | 210423s2008 xx 000 0 und d |
| 020 ## - INTERNATIONAL STANDARD BOOK NUMBER | |
| International Standard Book Number | 9780761968788 |
| 040 ## - CATALOGING SOURCE | |
| Transcribing agency | AL |
| 041 ## - LANGUAGE CODE | |
| Language code of text/sound track or separate title | eng |
| 082 ## - DEWEY DECIMAL CLASSIFICATION NUMBER | |
| Classification number | 070.1 |
| Edition number | 23 |
| Item number | THUM |
| 100 ## - MAIN ENTRY--PERSONAL NAME | |
| Personal name | Daya Kishan Thussu |
| 9 (RLIN) | 78712 |
| 245 ## - TITLE STATEMENT | |
| Title | News as entertainment: the rise of global infotainment |
| 260 ## - PUBLICATION, DISTRIBUTION, ETC. | |
| Place of publication, distribution, etc. | New Delhi |
| Name of publisher, distributor, etc. | Sage Publications |
| Date of publication, distribution, etc. | 2008 |
| 300 ## - PHYSICAL DESCRIPTION | |
| Extent | ix,214 |
| Other physical details | PB |
| 365 ## - TRADE PRICE | |
| Price amount | 89 |
| Currency code | INR |
| 650 ## - SUBJECT ADDED ENTRY--TOPICAL TERM | |
| Topical term or geographic name entry element | General |
| 9 (RLIN) | 78713 |
| 650 ## - SUBJECT ADDED ENTRY--TOPICAL TERM | |
| Topical term or geographic name entry element | Mass Media |
| 9 (RLIN) | 78714 |
| 906 ## - LOCAL DATA ELEMENT F, LDF (RLIN) | |
| a | entertainment: ; global ; infotainment. ; News ; rise |
| 942 ## - ADDED ENTRY ELEMENTS (KOHA) | |
| Source of classification or shelving scheme | Dewey Decimal Classification |
| Koha item type | Book |
| Withdrawn status | Lost status | Source of classification or shelving scheme | Damaged status | Not for loan | Collection code | Home library | Current library | Date acquired | Cost, normal purchase price | Total Checkouts | Full call number | Barcode | Date last seen | Price effective from | Koha item type | Total Renewals | Date last checked out |
|---|---|---|---|---|---|---|---|---|---|---|---|---|---|---|---|---|---|
| Dewey Decimal Classification | MAJMC | St Aloysius PG Library | St Aloysius PG Library | 09/25/2008 | 89.00 | 070.1 THUN | PG002656 | 08/24/2022 | 04/26/2021 | Book | |||||||
| Dewey Decimal Classification | MAJMC | St Aloysius PG Library | St Aloysius PG Library | 09/25/2008 | 1 | 070.1 THUN | PG002657 | 08/24/2022 | 04/26/2021 | Book | 1 | 03/22/2022 |